Borussia Dortmund Kader 2023/2024 - Statistiken

Allgemein
  • Dieses Quiz wurde 220 mal gespielt
  • Das Durchschnittsergebnis liegt bei 22 aus 28
Antwortstatistiken
Hint Antwort % Korrekt
1 - TW - Schweiz Gregor Kobel
100%
4 - IV - Deutschland Nico Schlotterbeck
99%
15 - IV - Deutschland Mats Hummels
98%
23 - DM - Deutschland Emre Can
97%
25 - IV - Deutschland Niklas Süle
96%
10 - LF - England Jadon Sancho
94%
11 - OM - Deutschland Marco Reus
94%
14 - ST - Deutschland Niclas Füllkrug
94%
19 - OM - Deutschland Julian Brandt
93%
20 - ZM - Österreich Marcel Sabitzer
91%
9 - ST - Elfenbeinküste Sébastian Haller
91%
21 - RF - Niederlande Donyell Malen
89%
26 - RV - Norwegen Julian Ryerson
87%
5 - LV - Algerien Ramy Bensebaini
87%
6 - DM - Türkei Salih Özcan
86%
33 - TW - Deutschland Alexander Meyer
85%
22 - LV - Niederlande Ian Maatsen
85%
43 - LF - England Jamie Bynoe-Gittens
82%
18 - ST - Deutschland Youssoufa Moukoko
81%
27 - LF - Deutschland Karim Adeyemi
78%
17 - RV - Deutschland Marius Wolf
74%
2 - RV - Spanien Mateu Morey
69%
8 - ZM - Deutschland Felix Nmecha
67%
16 - RF - Belgien Julien Duranville
61%
35 - TW - Deutschland Marcel Lotka
54%
47 - IV - Deutschland Antonios Papadopoulos
39%
32 - DM - Frankreich Abdoulaye Kamara
38%
30 - ZM - Deutschland Ole Pohlmann
32%
Keine übereinstimmenden Quizze gefunden
Verteilung der Resultate
Anzahl Personen mit jedem Resultat
Perzentil nach korrekt beantworteten Fragen
Ihre Resultats-Entwicklung
Sie haben dieses Quiz noch nicht gespielt